La furia de los elementos (Registro nro. 9585)
[ vista simple ]
| 000 -CABECERA | |
|---|---|
| Longitud fija campo de control | 01092nam a2200349 a 4500 |
| 003 - IDENTIFICADOR DEL NUMERO DE CONTROL | |
| Identificador del número de control | CO-BoRNBP |
| 005 - FECHA Y HORA DE LA ULTIMA TRANSACCION | |
| Fecha y hora de la última transacción | 20230519130346.0 |
| 007 - CAMPO FIJO DE DESCRIPCION FISICA | |
| Campo fijo de descripción física | ta |
| 008 - CODIGOS DE INFORMACION DE LONGITUD FIJA | |
| Códigos de información de longitud fija | 040929s2006 ck gr 0001fdspa d |
| 020 ## - NUMERO INTERNACIONAL NORMALIZADO PARA LIBROS | |
| Número Internacional Normalizado para Libros (ISBN) | 9588293014 |
| 040 ## - FUENTE DE LA CATALOGACION | |
| Centro catalogador de origen | CO-BoRNBP |
| Lengua de catalogación | spa |
| Normas de descripción | rda |
| Centro transcriptor | CO-BoRNBP |
| 041 0# - CODIGO DE LENGUA | |
| Código de lengua del texto/banda sonora o título independiente | spa |
| 043 ## - CODIGO DE AREA GEOGRAFICA | |
| Código de área geográfica | ck |
| 084 ## - Clasificación Local Alfanúmerica PNLB | |
| Número de clasificación | C CHAF1 |
| 100 10 - PUNTO DE ACCESO PRINCIPAL-NOMBRE DE PERSONA | |
| Nombre de persona | Charry, Luis Fernando |
| Fechas asociadas al nombre | 1976- |
| 245 13 - TITULO PROPIAMENTE DICHO | |
| Título | La furia de los elementos |
| Mención de responsabilidad, etc. | Luis Fernando Charry ; editor Benjamín Villegas |
| 250 ## - MENCION DE EDICION | |
| Mención de edición | 1a. ed. |
| 264 3# - PRODUCCION, PUBLICACION , DISTRIBUCION, FABRICACION Y COPYRIGHT | |
| Lugar de producción, publicación, distribución, fabricación | Bogotá |
| Nombre del productor, editor, distribuidor, fabricante | Villegas Editores |
| Fecha de de producción, publicación, distribución, fabricación o copyright | 2006 |
| 300 ## - DESCRIPCION FISICA | |
| Extensión | 93 páginas |
| Dimensiones | 21 cm. |
| 336 ## - TIPO DE CONTENIDO | |
| Término de tipo de contenido | texto |
| Código de tipo de contenido | txt |
| Fuente | rdacontent |
| 337 ## - TIPO DE MEDIO | |
| Nombre del tipo de medio | sin mediación |
| Código del tipo de medio | n |
| Fuente | rdamedia |
| 338 ## - TIPO DE SOPORTE | |
| Nombre del tipo de soporte | volumen |
| Código del tipo de soporte | nc |
| Fuente | rdacarrier |
| 490 ## - MENCION DE SERIE | |
| Mención de serie | Villegas. Cuento |
| 490 ## - MENCION DE SERIE | |
| Mención de serie | Colección turquesa. Narrativa |
| 650 14 - PUNTO DE ACCESO ADICIONAL DE MATERIA - TERMINO DE MATERIA | |
| Término de materia o nombre geográfico como elemento inicial | Cuentos colombianos |
| Fuente del encabezamiento | LEMB |
| Subdivisión cronológica | Siglo XX |
| 650 14 - PUNTO DE ACCESO ADICIONAL DE MATERIA - TERMINO DE MATERIA | |
| Término de materia o nombre geográfico como elemento inicial | Literatura colombiana |
| Fuente del encabezamiento | LEMB |
| Subdivisión cronológica | Siglo XX |
| 650 14 - PUNTO DE ACCESO ADICIONAL DE MATERIA - TERMINO DE MATERIA | |
| Término de materia o nombre geográfico como elemento inicial | Miedo en la literatura |
| Fuente del encabezamiento | LEMB |
| 650 14 - PUNTO DE ACCESO ADICIONAL DE MATERIA - TERMINO DE MATERIA | |
| Término de materia o nombre geográfico como elemento inicial | Cuentos de terror |
| Fuente del encabezamiento | LEMB |
| 700 10 - PUNTO DE ACCESO ADICIONAL - NOMBRE DE PERSONA | |
| Nombre de persona | Villegas Jiménez, Benjamín |
| Término indicativo de función | editor |
| 942 ## - ENTRADA DE ELEMENTOS AGREGADOS (KOHA) | |
| Koha [por defecto] tipo de item | LIbro |
| 949 ## - TRATAMIENTO DE LA INFORMACION LOCAL (OCLC) | |
| a | c |
| b | c |
| Perdido | Fuente de clasificación o esquema | Estado Físico | No para préstamo | Forma de adquisición | Localización permanente | Localización actual | Localización en estanterías | Fecha adquisición | Préstamos totales | Signatura completa | Código de barras | Fecha última consulta | Número de copia | Fecha del precio de reemplazo | Tipo de item de Koha | Fuente de adquisición |
|---|---|---|---|---|---|---|---|---|---|---|---|---|---|---|---|---|
| Dewey Decimal Classification | Colección General | Biblioteca Pública Cubarral | Biblioteca Pública Cubarral | Literatura | 08/02/2023 | C CHAF1 | CUB01665 | 08/02/2023 | Ej.1 | 08/02/2023 | LIbro | |||||
| Dewey Decimal Classification | Colección General | Biblioteca Pública Fuentedeoro - Henry Llanos García | Biblioteca Pública Fuentedeoro - Henry Llanos García | Literatura | 08/01/2023 | C CHAF1 | Fo01608 | 08/01/2023 | Ej.1 | 08/01/2023 | LIbro | |||||
| Dewey Decimal Classification | Colección General | Biblioteca Pública Puerto Lleras | Biblioteca Pública Puerto Lleras | Literatura | 05/20/2024 | C CHAF1 | PLL01325 | 05/20/2024 | Ej.1 | 05/20/2024 | Libro Literatura | |||||
| Dewey Decimal Classification | Colección General | Biblioteca Pública San Carlos de Guaroa - Eduardo Carranza | Biblioteca Pública San Carlos de Guaroa - Eduardo Carranza | Literatura | 09/05/2023 | C CHAF1 | SG01004 | 09/05/2023 | Ej.1 | 09/05/2023 | LIbro | |||||
| Dewey Decimal Classification | Colección General | Biblioteca Pública El Castillo - Alfonso Meneses | Biblioteca Pública El Castillo - Alfonso Meneses | Literatura | 07/08/2025 | C CHAF1 | EC01745 | 07/08/2025 | Ej.1 | 07/08/2025 | LIbro | |||||
| Dewey Decimal Classification | Added to bundle | Literatura General | Biblioteca Pública Granada - Boca del Monte | Biblioteca Pública Granada - Boca del Monte | Literatura | 02/18/2026 | C CHAF1 | GRDA08026 | 02/18/2026 | Ej.1 | 02/18/2026 | LIbro | BIBLIOTECA NACIONAL | |||
| Dewey Decimal Classification | Colección General | Biblioteca Pública Guamal | Biblioteca Pública Guamal | Literatura | 05/19/2023 | C CHAF1 | GUA003594 | 05/19/2023 | Ej.1 | 05/19/2023 | Libro Literatura | |||||
| Dewey Decimal Classification | Colección General | Biblioteca Pública La Macarena | Biblioteca Pública La Macarena | Literatura | 09/11/2025 | C CHAF1 | LM03454 | 09/11/2025 | Ej.1 | 09/11/2025 | LIbro |